| 000 | 01035nam a22002777a 4500 | ||
|---|---|---|---|
| 003 | dpl | ||
| 005 | 20180702115921.0 | ||
| 008 | 180702b xxu||||| |||| 00| 0 eng d | ||
| 010 | _aA-934944 | ||
| 020 |
_c80.00 _a8185469830 |
||
| 035 | _aA-934944, A-934962 | ||
| 037 | _bCen Lib/Ret | ||
| 040 |
_aDPL _bHN _c0 |
||
| 082 |
_aक _bस्वदेश |
||
| 100 |
_aस्वदेश दीपक _968316 |
||
| 245 |
_aमसखरे कभी नहीं रोते / _cस्वदेश दीपक |
||
| 246 |
_aMasklhare kabhi nahi rote _b by Swadesh Deepak |
||
| 260 |
_aहरियाणा _bआधार प्रकाशन _c1997 |
||
| 270 |
_aपंचकुला _bहरियाणा |
||
| 300 |
_a108पृष्ठ. _c201मी(सजिल्द) |
||
| 650 |
_aहिंदी साहित्य _968317 |
||
| 650 |
_aहिंदी कहानी _968318 |
||
| 650 |
_aHindi literature _968319 |
||
| 650 |
_aHindi Story _943117 |
||
| 942 |
_2ddc _cHN _hक _mस्वदेश |
||
| 999 |
_c116789 _d116789 |
||